[Event "19th Open"]
[Site "Kavala GRE"]
[Date "2010.08.01"]
[Round "3"]
[White "Harika,D"]
[Black "Melkumyan,H"]
[Result "0-1"]
[WhiteElo "2504"]
[BlackElo "2606"]

1.Nf3 Nf6 2.c4 g6 3.g3 Bg7 4.Bg2 O-O 5.O-O d5 6.cxd5 Nxd5 7.d4 Nb6 8.Nc3 Nc6
9.e3 Re8 10.Re1 a5 11.Qe2 Be6 12.Rd1 Bc4 13.Qc2 a4 14.Ne1 Nb4 15.Qb1 c6 16.Bd2 e5
17.Ne4 Qe7 18.dxe5 Bxe5 19.Bc3 Rad8 20.Rxd8 Rxd8 21.b3 axb3 22.axb3 Bd5 23.Qb2 Bxc3
24.Nxc3 Bxg2 25.Kxg2 Qf6 26.Rd1 Ra8 27.Nd3 Nxd3 28.Rxd3 Nd5 29.Qd2 Nxc3 30.Rxc3 Ra5
31.e4 Qe5 32.Rf3 Qc7 33.Rd3 Qe5 34.Rf3 Qc7 35.Rd3 Rb5 36.f4 Qe7 37.Rd8+ Kg7
38.Qd4+ Kh6 39.g4 Qe6 40.Kg3 f6 41.Rg8 Qxb3+ 42.Kh4 Qf3 43.g5+ Rxg5  0-1

[Event "Politiken Cup"]
[Site "Copenhagen DEN"]
[Date "2010.08.02"]
[Round "4"]
[White "Schandorff,L"]
[Black "Baklan,V"]
[Result "1/2-1/2"]
[WhiteElo "2491"]
[BlackElo "2638"]

1.Nf3 Nf6 2.c4 g6 3.g3 Bg7 4.Bg2 O-O 5.O-O d6 6.d4 Nc6 7.Nc3 a6 8.Qd3 Bd7
9.d5 Nb4 10.Qd1 a5 11.e4 e6 12.a3 Na6 13.e5 dxe5 14.Nxe5 exd5 15.cxd5 Bf5
16.Be3 Re8 17.Bd4 Re7 18.Nc4 Rb8 19.Qd2 Rd7 20.Ne3 c5 21.Nxf5 cxd4 22.Nxd4 Nc7
23.Rad1 Ncxd5 24.Nxd5 Nxd5 25.Bh3 f5 26.Ne6 Qb6 27.Nxg7 Kxg7 28.Bg2 Rbd8
29.Bxd5  1/2-1/2

[Event "49th WJun"]
[Site "Chotowa POL"]
[Date "2010.08.05"]
[Round "3"]
[White "Anwesh,U"]
[Black "Soors,S"]
[Result "1/2-1/2"]
[WhiteElo "2412"]
[BlackElo "2259"]

1.c4 g6 2.Nf3 Bg7 3.g3 Nf6 4.Bg2 O-O 5.Nc3 d6 6.Rb1 a5 7.a3 e5 8.d3 Nc6 9.b4 h6
10.O-O axb4 11.axb4 Bg4 12.h3 Be6 13.b5 Ne7 14.Qc2 Qd7 15.Kh2 g5 16.Nd2 Rab8
17.Nb3 g4 18.h4 Nh5 19.e4 f5 20.exf5 Nxf5 21.Ne4 Qe7 22.Kg1 Kh8 23.Ra1 Nf4
24.gxf4 Nxh4 25.f5 Rxf5 26.Rd1 Rf3 27.Bxf3 gxf3 28.Kh2 Rg8 29.Rh1 Bf8 30.Ng3 Nf5
31.Kg1 Nxg3 32.fxg3 Rxg3+ 33.Kf1 Bh3+ 34.Rxh3 Rxh3 35.Be3 Qh4 36.Bg1 Rg3
37.Qh2 Qg5 38.Bf2 Rg2 39.Qh3 Qf4 40.Ra8 Kh7 41.Rxf8 Qxf8 42.Nd2 Qf4 43.Qxf3 Qxf3
44.Nxf3 Rg8  1/2-1/2

[Event "Politiken Cup"]
[Site "Copenhagen DEN"]
[Date "2010.08.05"]
[Round "7"]
[White "Sorensen,To1"]
[Black "Petersen,Stee1"]
[Result "1-0"]
[WhiteElo "2419"]
[BlackElo "2152"]

1.Nf3 Nf6 2.c4 g6 3.g3 Bg7 4.Bg2 O-O 5.O-O d6 6.Nc3 a6 7.d3 e5 8.Rb1 h6 9.b4 Nh5
10.a4 c6 11.b5 axb5 12.axb5 d5 13.Qc2 Be6 14.Nd2 f5 15.Na4 f4 16.Nc5 Bc8
17.cxd5 fxg3 18.hxg3 cxd5 19.Qb3 Nf6 20.Nde4 Kh7 21.Nxf6+ Rxf6 22.Qxd5 Qb6
23.Be3  1-0

[Event "Politiken Cup"]
[Site "Copenhagen DEN"]
[Date "2010.08.05"]
[Round "7"]
[White "Jensen,N"]
[Black "Hvenekilde,J"]
[Result "1/2-1/2"]
[WhiteElo "1993"]
[BlackElo "2111"]

1.c4 Nf6 2.Nf3 g6 3.g3 Bg7 4.Bg2 O-O 5.d4 d6 6.O-O Nc6 7.Nc3 Bf5 8.d5 Na5
9.Nd4 Bd7 10.Qd3 c6 11.dxc6 Nxc6 12.Nxc6 Bxc6 13.e4 Rc8 14.Rb1 Nd7 15.Be3 b6
16.Qd2 a6 17.b3  1/2-1/2

[Event "TCh-MKD"]
[Site "Struga MKD"]
[Date "2010.08.11"]
[Round "3"]
[White "Stamenkov,V"]
[Black "Kacakovski,D"]
[Result "1-0"]
[WhiteElo "2336"]
[BlackElo "2145"]

1.Nf3 Nf6 2.c4 g6 3.g3 Bg7 4.Bg2 O-O 5.O-O d6 6.Nc3 a6 7.h3 Nc6 8.Rb1 e5
9.d3 h6 10.e4 Be6 11.a4 Nb4 12.Ne1 c6 13.Be3 Nd7 14.Ne2 a5 15.Qc1 Kh7 16.d4 d5
17.f4 f5 18.exd5 cxd5 19.fxe5 f4 20.Nxf4 Rxf4 21.Rxf4 dxc4 22.Rh4 h5 23.Be4 Nf8
24.Nf3 Kg8 25.Bh6 Bd5 26.Bxg7 Kxg7 27.Bxd5 Qxd5 28.Qf4 Ra6 29.Ng5 Nd3 30.Qe4 Qxe4
31.Rxe4 Ne6 32.Nxe6+ Rxe6 33.Rf1 Nb4 34.Ref4 Re7 35.Rf6 Nc6 36.Rd6 Rf7 37.Rxf7+ Kxf7
38.Kf2 g5 39.Ke3 Ke7 40.Ke4  1-0

[Event "FSIMB August"]
[Site "Budapest HUN"]
[Date "2010.08.12"]
[Round "6"]
[White "Martynov,P2"]
[Black "Erdelyi,Z"]
[Result "1/2-1/2"]
[WhiteElo "2190"]
[BlackElo "2336"]

1.Nf3 Nf6 2.c4 g6 3.g3 Bg7 4.Bg2 O-O 5.O-O d5 6.cxd5 Nxd5 7.d4 Nb6 8.Nc3 Nc6
9.e3 Re8 10.Re1 e5 11.d5 Na5 12.e4 Nac4 13.b3 Nd6 14.a4 a5 15.Ba3 Bd7 16.Nd2 Bf8
17.f4 exf4 18.gxf4 Qh4 19.e5 Qxf4 20.Nf3 Bg4 21.exd6 Rxe1+ 22.Qxe1 Bxf3 23.Qf2 Bg7
24.Qxf3 Qxf3 25.Bxf3 Bxc3 26.Rd1 cxd6 27.Bxd6 Nd7 28.Bc7 Nc5 29.Bb6 Nd7 30.Bc7 Nc5
31.Bb6 Nd7  1/2-1/2

[Event "49th WJun"]
[Site "Chotowa POL"]
[Date "2010.08.12"]
[Round "9"]
[White "Fodor,T jr"]
[Black "Pavlidis,Ana"]
[Result "1-0"]
[WhiteElo "2452"]
[BlackElo "2359"]

1.Nf3 Nf6 2.c4 g6 3.g3 Bg7 4.Bg2 O-O 5.O-O d6 6.Nc3 e5 7.d3 Nc6 8.Rb1 Nd4
9.b4 c6 10.b5 Nxf3+ 11.Bxf3 d5 12.bxc6 bxc6 13.Qa4 Bd7 14.Bg5 e4 15.dxe4 d4
16.Nd1 Qe8 17.Bxf6 Bxf6 18.Nb2 c5 19.Qa6 Bd8 20.Nd3 Bb6 21.Rfe1 Bc6 22.e5 Rc8
23.Bxc6 Rxc6 24.a4 Qa8 25.Qb5 g5 26.Qb2 Re8 27.e4 Bc7 28.Qc1 Qd8 29.Rb5 Ba5
30.Rd1 a6 31.Rxc5 Rxc5 32.Nxc5 Rxe5 33.Nb7 Qb6 34.Nxa5 Rxa5 35.Qd2 h6 36.Qc2 Re5
37.h3 Qc5 38.Kg2 Re6 39.Qd3 Qc6 40.Re1 Rd6 41.Kh2 Qxa4 42.e5 Rc6 43.e6 Rxe6
44.Rxe6 fxe6 45.Qg6+ Kf8 46.Qxh6+ Kf7 47.Qh7+ Kf6 48.Qh8+ Kf7 49.Qxd4 Qa2
50.h4 gxh4 51.g4 Qe2 52.Kh3 e5 53.Qd7+ Kg8 54.Qd8+ Kf7 55.Qc7+ Kg6 56.Qb6+ Kg7
57.Qe3 Qxe3+ 58.fxe3 a5 59.c5 a4 60.c6 a3 61.c7 a2 62.c8=Q a1=Q 63.Qb7+ Kh8
64.Qe4 Qf1+ 65.Kxh4 Qf6+ 66.Kh5 Kg7 67.Qb7+ Kh8 68.Qc8+ Kg7 69.Qd7+ Kh8 70.Qf5 Qe7
71.g5 Qc7 72.Qf6+ Kg8 73.Qg6+ Kf8 74.e4 Qc3 75.Qf6+ Ke8 76.Kg6 Qd4 77.Kf5 Qf2+
78.Kxe5 Qc5+ 79.Kf4 Qf2+ 80.Kg4 Qg2+ 81.Kf5 Qf3+ 82.Ke5 Qc3+ 83.Kf4 Qd2+
84.Kf5 Qc2 85.Qe5+ Kf8 86.Qb8+ Kg7 87.Qb7+ Kf8 88.Kg6 Qc4 89.Qb8+ Ke7 90.Qe5+ Kf8
91.Qf6+ Ke8 92.e5 Qe4+ 93.Qf5 Qb7 94.e6 Qe7 95.Qb5+  1-0

[Event "TCh-MKD"]
[Site "Struga MKD"]
[Date "2010.08.12"]
[Round "4"]
[White "Stamenkov,V"]
[Black "Nedev,T"]
[Result "0-1"]
[WhiteElo "2336"]
[BlackElo "2506"]

1.Nf3 Nf6 2.c4 g6 3.g3 Bg7 4.Bg2 O-O 5.O-O d5 6.cxd5 Nxd5 7.Nc3 Nc6 8.d3 Nxc3
9.bxc3 Bxc3 10.Bh6 Bg7 11.Bxg7 Kxg7 12.Rb1 Rb8 13.Qa4 e5 14.Rfc1 Bd7 15.Qa3 Be6
16.Rb5 a6 17.Rbc5 f6 18.Nd2 Nd4 19.Re1 c6 20.Rcc1 Nb5 21.Qb2 Qd4 22.Qc2 Qb4
23.Ne4 Rfd8 24.a4 Nd4 25.Qc5 a5 26.Rb1 Nb3 27.Qe3 b5 28.Qa7+ Bf7 29.Bh3 bxa4
30.Rec1 Rb7 31.Qa6 Qb6 32.Rxc6 Qxa6 33.Rxa6 a3 34.Nc3 Rc7 35.Na2 Nc5 36.Rxa5 Bxa2
37.Rc1 Be6 38.Bxe6 Nxe6 39.Rxc7+ Nxc7 40.Rxa3 Ra8 41.Rb3 Ra7 42.Kg2 Ne6 43.h4 h5
44.e3 Rd7  0-1

[Event "e2e4 Autumn Challengers F"]
[Site "Uxbridge ENG"]
[Date "2010.08.12"]
[Round "3"]
[White "Campbell,E"]
[Black "Lexton,M"]
[Result "0-1"]
[WhiteElo "1915"]
[BlackElo "2009"]

1.Nf3 Nf6 2.c4 g6 3.g3 Bg7 4.Bg2 O-O 5.O-O d6 6.d4 Nbd7 7.Nc3 e5 8.e4 exd4
9.Nxd4 Re8 10.Re1 a6 11.h3 Rb8 12.Be3 c5 13.Nde2 b5 14.Qxd6 b4 15.Nd5 Nxe4
16.Bxe4 Rxe4 17.Nef4 Bf8 18.Qc7 Qxc7 19.Nxc7 Ne5 20.Red1 Bb7 21.Nfd5 Kg7
22.b3 Nf3+ 23.Kg2 Nd4 24.f3 Rxe3 25.Nxe3 Bxf3+ 26.Kf2 Bxd1 27.Rxd1 Bd6 28.Ned5 Rc8
29.Nxa6 Ra8 30.Rxd4 cxd4 31.Naxb4 Bxb4 32.Nxb4 Kf6 33.a4 Ke5 34.Nd3+ Kd6
35.Ke2 f5 36.Kd2 g5 37.Nb2 Rb8 38.Kc2 f4 39.gxf4 gxf4 40.Nd3 f3 41.b4 Rxb4
42.c5+ Kc7  0-1

[Event "Troya Open"]
[Site "Canakkale TUR"]
[Date "2010.08.13"]
[Round "7"]
[White "Celiker,Y"]
[Black "Secer,A"]
[Result "1/2-1/2"]
[WhiteElo "2092"]
[BlackElo "2325"]

1.g3 Nf6 2.Nf3 g6 3.Bg2 Bg7 4.c4 O-O 5.Nc3 d5 6.cxd5 Nxd5 7.O-O Nc6 8.d4 Nb6
9.d5 Na5 10.e4 c6 11.Nd4 cxd5 12.exd5 e5 13.Nc2 Nac4 14.b3 Nd6 15.Ba3 Re8
16.Rc1 Bf8 17.Ne3 Bd7 18.Bb2 Rc8 19.a4 f5 20.Re1 h5 21.Bf1 Bh6 22.a5 Na8
23.Nc4 Nxc4 24.Bxc4 Kh7 25.Ra1 a6 26.d6 Bg7 27.Bd5 Bc6 28.Bf7 Rf8 29.Be6 Bd7
30.Bd5 e4 31.Qd2 Bc6 32.Be6 Bd7 33.Bd5 Bc6 34.Red1 Qd7 35.Rac1 Bh6 36.Qd4 Bxc1
37.Bxc6 Rxc6 38.Bxc1 Qg7 39.Qxg7+ Kxg7 40.d7 Rxc3 41.Bb2 Kf7 42.Bxc3 Rd8
43.Rd6 Ke7 44.Bb4 Nc7 45.Rxa6+ Kxd7 46.Rxg6 Nd5 47.Rd6+ Kc7 48.Rxd8 Kxd8
49.Bd2 Ke7 50.Kg2 Kf6 51.Kh3 Kg6 52.b4 Nc7 53.Bf4 Nb5 54.Be5 Kf7 55.Kh4 Kg6
56.h3 Na3 57.g4 hxg4 58.hxg4 Nc4 59.Bc7 fxg4 60.Kxg4 e3 61.fxe3 Nxe3+ 62.Kf3 Nd5
63.Bd6 Kf5 64.b5 Ke6 65.Bc5 Nc3  1/2-1/2

[Event "XI Miquel Mas Open"]
[Site "Figueres ESP"]
[Date "2010.08.13"]
[Round "3"]
[White "Balague Camps,M"]
[Black "Campos Moreno,J"]
[Result "0-1"]
[WhiteElo "1964"]
[BlackElo "2484"]

1.c4 Nf6 2.g3 g6 3.Bg2 Bg7 4.Nf3 O-O 5.O-O d6 6.d4 Nbd7 7.Nc3 e5 8.dxe5 dxe5
9.Qc2 c6 10.b3 Re8 11.Bb2 e4 12.Ng5 e3 13.f4 Nc5 14.Rad1 Qc7 15.b4 Bf5 16.Qc1 Ne6
17.Nge4 Bxe4 18.Nxe4 Nxe4 19.Bxe4 Rad8 20.Bxg7 Nxg7 21.Bf3 Nf5 22.Rxd8 Qxd8
23.Rd1 Qe7 24.a3 Rd8 25.Kg2 h5 26.Qc2 Rxd1 27.Qxd1 Qd6 28.Qxd6 Nxd6 29.c5 Nb5
30.a4 Nc3 31.a5 a6 32.g4 hxg4 33.Bxg4 f5 34.Bf3 Kf7 35.h4 Ke6 36.h5 gxh5
37.Bxh5 Nd5 38.Kf3 Nxb4 39.Kxe3 Nd5+ 40.Kd4 Nxf4 41.Bf3 Kf6 42.e4 Ne6+ 43.Ke3 f4+
44.Kd3 Nxc5+ 45.Kc4 Ne6 46.Bg2 Ke5 47.Bh3 Ng5 48.Bc8 Nxe4  0-1

[Event "25th Open"]
[Site "Schwarzach AUT"]
[Date "2010.08.22"]
[Round "2"]
[White "Wohl,A"]
[Black "Niedermeier,T"]
[Result "1-0"]
[WhiteElo "2375"]
[BlackElo "2093"]

1.Nf3 Nf6 2.c4 g6 3.g3 Bg7 4.Bg2 O-O 5.O-O d6 6.Nc3 Nc6 7.Rb1 e5 8.d3 a5
9.Bg5 h6 10.Bxf6 Bxf6 11.a3 Be6 12.b4 axb4 13.axb4 Bg7 14.Nd2 Rb8 15.b5 Ne7
16.Qc2 c6 17.Rb4 d5 18.Rfb1 Qd6 19.bxc6 bxc6 20.c5 Qc7 21.Rb6 d4 22.Na4 Nd5
23.Bxd5 cxd5 24.Qb3 Ra8 25.c6 Ra5 26.Qb4 Rfa8 27.Nc5 Bf8 28.Nxe6 fxe6 29.Rb8 Rxb8
30.Qxb8 Qxc6 31.Qxe5 Ra2 32.Rb8 Rxd2 33.Qf6 Rd1+ 34.Kg2 Qd6 35.Qxg6+ Kh8
36.Rb7 Be7 37.Qe8+ Bf8 38.Qf7  1-0

[Event "ch-ESP"]
[Site "El Sauzal ESP"]
[Date "2010.09.04"]
[Round "1"]
[White "Arribas Lopez,A"]
[Black "Salido Polo,V"]
[Result "1-0"]
[WhiteElo "2454"]
[BlackElo "1972"]

1.c4 Nf6 2.g3 g6 3.Bg2 Bg7 4.Nf3 O-O 5.O-O d6 6.d4 Nbd7 7.Qc2 c5 8.Rd1 Rb8
9.Nc3 a6 10.a4 Qa5 11.Ra2 cxd4 12.Nxd4 Qc5 13.b3 Ne5 14.Ba3 Qc7 15.h3 Bd7
16.e4 Rfc8 17.Qb1 b5 18.axb5 Qb6 19.Bb4 axb5 20.Ncxb5 Nc6 21.Nxc6 Bxc6 22.Ba5 Qc5  1-0

[Event "7th LGA Premium Cup"]
[Site "Nuremberg GER"]
[Date "2010.09.05"]
[Round "6"]
[White "Hirschberg,V"]
[Black "Zwahr,P"]
[Result "1-0"]
[WhiteElo "2137"]
[BlackElo "2348"]

1.Nf3 Nf6 2.c4 g6 3.g3 Bg7 4.Bg2 O-O 5.d4 d6 6.O-O Nc6 7.Nc3 a6 8.h3 Bd7
9.e4 e5 10.dxe5 dxe5 11.Re1 h6 12.Nd5 Nh7 13.Qd3 Ng5 14.Nxg5 hxg5 15.Be3 Nd4
16.Rad1 Be6 17.Kh2 g4 18.Bxd4 exd4 19.hxg4 Bxg4 20.f3 Be6 21.Nf4 Be5 22.Nxe6 Qh4+
23.Kg1 Bxg3 24.Nxf8 Bxe1 25.Qe2 Bb4 26.Nd7 Qe7 27.a3 Bxa3 28.bxa3 Qxd7 29.f4 Rd8
30.Qd3 c6 31.e5 Qg4 32.Qf3 Qf5 33.Qe4 Qd7 34.Rd3 Qe7 35.Kh2 Qh4+ 36.Rh3 Qg4
37.Rg3 Qh5+ 38.Bh3 d3 39.Rxd3 Rxd3 40.Qxd3 Qh4 41.Qg3 Qd8 42.e6 Qd2+ 43.Bg2 Qe2
44.f5 Qh5+ 45.Qh3 Qg5 46.exf7+ Kxf7 47.Qh7+ Kf6 48.Qxg6+ Qxg6 49.fxg6 Kxg6
50.Kg3 Kf5 51.Kf3 Ke5 52.Ke3 Kd6 53.Kd4 Kc7 54.c5  1-0

[Event "9th Georgiev-Kesarovski Mem"]
[Site "Sunny Beach BUL"]
[Date "2010.09.05"]
[Round "9"]
[White "Nikolaou,G"]
[Black "Galunov,T"]
[Result "1/2-1/2"]
[WhiteElo "2275"]
[BlackElo "2341"]

1.Nf3 Nf6 2.c4 g6 3.g3 Bg7 4.Bg2 O-O 5.O-O d6 6.d4 Nc6 7.d5 Na5 8.Qa4 c5
9.dxc6 Nxc6 10.Nc3 Bf5 11.Bd2 Qd7 12.Rac1 Rfc8 13.Rfd1 Bh3 14.b3 Bxg2 15.Kxg2 Qf5
16.h3 a6 17.Be3 h5 18.Nh4 Qe6 19.Nf3 Ne4 20.Nxe4 Qxe4 21.c5 Qxa4 22.bxa4 dxc5
23.Bxc5 e6 24.Rb1 Na5 25.Bb6 Nc4 26.Rd7 Ne5 27.Rxb7 Rc2 28.Nxe5 Bxe5 29.Kf3 Rxa2
30.Rd1 Rxa4 31.Rdd7 Rb4 32.Ba5 Rb5 33.Be1 Rxb7 34.Rxb7 Rc8 35.Ra7 Rc1 36.Bb4 Rb1
37.Bd2 Rb3+ 38.Ke4 Bg7 39.Be3 Ra3 40.Ra8+ Kh7 41.Ra7  1/2-1/2

[Event "9th Georgiev-Kesarovski Mem"]
[Site "Sunny Beach BUL"]
[Date "2010.09.05"]
[Round "9"]
[White "Popov,Geo"]
[Black "Daskalov,D"]
[Result "0-1"]
[WhiteElo "2202"]
[BlackElo "2021"]

1.c4 Nf6 2.Nf3 g6 3.g3 Bg7 4.Bg2 O-O 5.O-O d6 6.Nc3 e5 7.d3 Nc6 8.Rb1 a5
9.a3 Be6 10.b4 axb4 11.axb4 h6 12.b5 Ne7 13.Bd2 Nd7 14.Qc1 Kh7 15.Ra1 f5
16.Ne1 c6 17.f4 Qb6+ 18.Kh1 e4 19.Rb1 Qc7 20.bxc6 bxc6 21.dxe4 Bxc4 22.Nd3 fxe4
23.Bxe4 d5 24.Bg2 Nf5 25.Re1 Nd4 26.Nb2 Nb3 27.Qc2 Nxd2 28.Qxd2 Ra3 29.Rec1 Nb6
30.e4 d4 31.Ncd1 Bb5 32.e5 Qd7 33.Ra1 Rxa1 34.Rxa1 c5 35.Nf2 c4 36.Qb4 Rb8
37.Ne4 c3 38.Nc5 cxb2 39.Rb1 Qe8 40.Rxb2 Nc4  0-1

[Event "Open"]
[Site "Livigno ITA"]
[Date "2010.09.16"]
[Round "7"]
[White "Cocchi,A"]
[Black "Waldner,M"]
[Result "1-0"]
[WhiteElo "2266"]
[BlackElo "2064"]

1.Nf3 Nf6 2.c4 g6 3.g3 Bg7 4.Bg2 O-O 5.Nc3 d6 6.O-O e5 7.d3 a5 8.Rb1 Nc6
9.a3 Re8 10.Nd2 Nh5 11.b4 axb4 12.axb4 f5 13.b5 Ne7 14.Qb3 c6 15.bxc6 bxc6
16.Ba3 Be6 17.Qb4 d5 18.Nb3 e4 19.Na4 c5 20.Nbxc5 Nc6 21.Qd2 dxc4 22.Qa2 Rxa4
23.Nxa4 cxd3 24.Qd2 dxe2 25.Qxe2 Nd4 26.Qa6 Qd5 27.Nc3 Qd7 28.Qd6 Qc8 29.Rfc1 Rd8
30.Qb6 Qd7 31.Rd1 Rc8 32.Bc5 Rc6 33.Qb4 Qc8 34.Bxd4 Bxd4 35.Qxd4 Rxc3 36.Qa7 Rc7
37.Qb6 Nf6 38.Bf1 Nd5 39.Qd6 Rc6 40.Qe5 Nc3 41.Rb8  1-0

[Event "Open"]
[Site "Livigno ITA"]
[Date "2010.09.18"]
[Round "9"]
[White "Cocchi,A"]
[Black "Chytilek,R"]
[Result "1/2-1/2"]
[WhiteElo "2266"]
[BlackElo "2368"]

1.Nf3 Nf6 2.c4 g6 3.g3 Bg7 4.Bg2 O-O 5.O-O d6 6.Nc3 e5 7.d3 Nc6 8.Rb1 a5
9.a3 h6 10.b4 axb4 11.axb4 Be6 12.b5 Ne7 13.Bd2 Nh5 14.Ne1 Rb8 15.e4 Qd7
16.Nc2 f5 17.exf5 Bxf5 18.Ne4 b6 19.Ne3 Be6 20.Nc3 Kh7 21.Ra1 Nf6 22.Ra7 Rf7
23.Qa4 Rbf8 24.Ra8 Ne8 25.Rb8 Bh3 26.Qa8 Bxg2 27.Kxg2 Nf6 28.Rxf8 Bxf8 29.Ne4 Nh5
30.Nd5 Nxd5 31.Qxd5 Nf6 32.Nxf6+ Rxf6 33.Ra1 Qf7 34.Be3 Qxd5+ 35.cxd5 Rf7
36.Ra7 Kg8 37.h4 Re7 38.Kf3 Kf7 39.g4 h5 40.gxh5 gxh5 41.Bg5 Rd7 42.Ke4 Kg6
43.Ra1 Rf7 44.Rg1 Bh6 45.d4 exd4 46.f4 Bxg5 47.Rxg5+ Kh6 48.f5 Re7+ 49.Kxd4 Re1
50.Rg6+ Kh7 51.Rg5 Kh6 52.Rg6+ Kh7 53.Rg5  1/2-1/2

[Event "TCh-FIN 2010-11"]
[Site "Tampere FIN"]
[Date "2010.09.18"]
[Round "1.3"]
[White "Jouhki,Y"]
[Black "Karttunen,M"]
[Result "1/2-1/2"]
[WhiteElo "2292"]
[BlackElo "2440"]

1.c4 Nf6 2.Nf3 g6 3.g3 Bg7 4.Bg2 O-O 5.O-O d6 6.d4 c5 7.Nc3 Nc6 8.d5 Na5
9.Nd2 e6 10.h3 exd5 11.cxd5 a6 12.a4 c4 13.Rb1 Nd7 14.Nce4 Qc7 15.Qc2 Nc5
16.Nxc5 Qxc5 17.Ne4 Bf5 18.Be3 Qb4 19.Bd2 Qb3 20.Qc1 Rfe8 21.Nxd6 Bxb1 22.Nxe8 Bxb2
23.Qxb1 c3 24.Nf6+ Kg7 25.Bxc3 Qxc3 26.Ne4 Qa3 27.Qc2 b5 28.axb5 axb5 29.Rb1 Nc4
30.Nd2 Bc3 31.Nxc4 bxc4 32.d6 Rd8 33.Bd5  1/2-1/2

[Event "EYCC Boys U18"]
[Site "Batumi GEO"]
[Date "2010.09.21"]
[Round "2"]
[White "Bar,Av"]
[Black "Stanciu,Al"]
[Result "0-1"]
[WhiteElo "2086"]
[BlackElo "2280"]

1.Nf3 g6 2.c4 Bg7 3.g3 Nf6 4.Bg2 O-O 5.O-O d5 6.cxd5 Nxd5 7.Nc3 Nc6 8.Qa4 Nb6
9.Qh4 e5 10.Qxd8 Rxd8 11.d3 h6 12.Ne4 Nd5 13.Nc5 b6 14.Nb3 a5 15.a4 Be6 16.Nbd2 g5
17.h3 f5 18.Nc4 Ndb4 19.Na3 Rd7 20.Nb5 Rad8 21.Ne1 Nb8 22.Be3 N8a6 23.Rc1 Bb3
24.Ra1 f4 25.Bd2 c6 26.Bxb4 cxb5 27.Bc3 b4 28.Bd2 Rc7 29.e3 fxg3 30.fxg3 Nc5
31.Rc1 Bxa4 32.Kh2 Bb5 33.Be4 Nxe4 34.Rxc7 Nxd2 35.Rff7 Bf8 36.Rf2 Nb3 37.Rf6 Rd6
38.Rf5 Rd7 39.Rxd7 Bxd7 40.Rxe5 a4 41.Nc2 a3 42.bxa3 Nd2  0-1

[Event "39th Olympiad Women"]
[Site "Khanty-Mansiysk RUS"]
[Date "2010.09.23"]
[Round "3"]
[White "Franciskovic,B"]
[Black "Motoc,A"]
[Result "1/2-1/2"]
[WhiteElo "2282"]
[BlackElo "2339"]

1.Nf3 Nf6 2.g3 g6 3.Bg2 Bg7 4.c4 O-O 5.O-O d6 6.Nc3 c6 7.d3 e5 8.Rb1 Re8
9.e4 h6 10.Re1 Be6 11.b4 Nbd7 12.b5 Rc8 13.bxc6 bxc6 14.Nd2 Qa5 15.Nb3 Qa6
16.h3 Rc7 17.Be3 Qc8 18.Qc1 Kh7 19.Qa3 Bf8 20.Qa5 Rb7 21.Nd2 Rxb1 22.Rxb1 a6
23.Kh2 h5 24.Na4 Bh6 25.Bxh6 Kxh6 26.Nf1 Qa8 27.Ne3 Qa7 28.Rb2 Kg7 29.Rb3 Rb8
30.Rxb8 Nxb8 31.Qb4 c5 32.Qb2 Nc6 33.Nc2 Qb8 34.Qxb8 Nxb8 35.f4 Nc6 36.a3 Ne8
37.Kg1 Kf8 38.Kf2 Ke7 39.Ke3 Nd4 40.Nxd4 cxd4+ 41.Kd2 Bd7 42.Nb6 Bc6 43.Bf3 Nc7
44.fxe5 dxe5 45.h4 Ne6 46.g4 hxg4 47.Bxg4 Nf4 48.Nc8+ Kd8 49.Nb6 Kc7 50.Nd5+ Kd6
51.Nb4 Bb7 52.Nd5 a5 53.Nf6 Ng2 54.h5 gxh5 55.Bxh5 Ne3 56.Ng4 Nxg4 57.Bxg4 f6
58.Bf5 Bc6 59.Ke2 Be8  1/2-1/2

[Event "39th Olympiad Women"]
[Site "Khanty-Mansiysk RUS"]
[Date "2010.09.24"]
[Round "4"]
[White "Foisor,C"]
[Black "Vega Gutierrez,S"]
[Result "1-0"]
[WhiteElo "2395"]
[BlackElo "2368"]

1.Nf3 Nf6 2.c4 g6 3.g3 Bg7 4.Bg2 O-O 5.O-O d6 6.d4 Nc6 7.Nc3 a6 8.e3 Rb8
9.Qe2 b5 10.Rd1 Nd7 11.cxb5 axb5 12.Nd2 Na7 13.Nb3 Bb7 14.e4 e5 15.dxe5 Nxe5
16.Be3 Nac6 17.Nxb5 Ba6 18.a4 Qc8 19.f4 Qe6 20.fxe5 Qxb3 21.exd6 cxd6 22.Rxd6 Bxb2
23.Rad1 Rfd8 24.R1d3 Qxa4 25.Qxb2 Rxd6 26.Rxd6 Qxb5 27.Qxb5 Bxb5 28.Bg5 Re8
29.h4 Re6 30.Rd5 Be2 31.Kf2 Bg4 32.Bf4 Kg7 33.e5 f6 34.Rd7+ Ne7 35.exf6+ Kxf6
36.Bg5+ Kg7 37.Rxe7+ Rxe7 38.Bxe7 h6 39.Ke3 Kf7 40.Bb4 g5 41.Bd5+ Kg6 42.Bf3 Bd7
43.h5+ Kf7 44.g4 Bc8 45.Kd4  1-0

[Event "39th Olympiad Women"]
[Site "Khanty-Mansiysk RUS"]
[Date "2010.09.24"]
[Round "4"]
[White "Danielian,E"]
[Black "Golubenko,Valen"]
[Result "1-0"]
[WhiteElo "2466"]
[BlackElo "2278"]

1.Nf3 Nf6 2.c4 g6 3.g3 Bg7 4.Bg2 O-O 5.O-O c5 6.d4 cxd4 7.Nxd4 Nc6 8.Nc3 Nxd4
9.Qxd4 d6 10.Qd3 a6 11.Bd2 Bd7 12.Rac1 Bc6 13.e4 Nd7 14.Qe2 b5 15.cxb5 axb5
16.a3 Ne5 17.Bf4 Qb6 18.Nd5 Bxd5 19.exd5 b4 20.Be3 Qa6 21.Qxa6 Rxa6 22.axb4 Nd3
23.Rc7 Nxb4 24.Rxe7 Bxb2 25.Rb7 Bc3 26.Rc1 Na2 27.Rc2 Be5 28.Bh6 Re8 29.Bf1 Ra3
30.Rcc7 Rf3 31.Be2 Rf6 32.Bb5 Ra8 33.Ra7 Rb8 34.Rcb7 Rc8 35.Rxa2 Rf3 36.Bd7  1-0

[Event "39th Olympiad Women"]
[Site "Khanty-Mansiysk RUS"]
[Date "2010.09.25"]
[Round "5"]
[White "Franciskovic,B"]
[Black "Pintor,Ar"]
[Result "1-0"]
[WhiteElo "2282"]
[BlackElo "2110"]

1.Nf3 Nf6 2.g3 g6 3.c4 Bg7 4.Bg2 O-O 5.Nc3 d6 6.O-O e5 7.d3 c6 8.Rb1 a5 9.a3 h6
10.b4 axb4 11.axb4 Be6 12.b5 Nbd7 13.Qb3 Nc5 14.Qb4 Nfd7 15.Nd2 Qc7 16.Bb2 f5
17.Ra1 g5 18.Rxa8 Rxa8 19.Ra1 Rxa1+ 20.Bxa1 Qb6 21.Qb1 cxb5 22.Nxb5 Nb8 23.Bc3 Nba6
24.Qa1 Qd8 25.Bxb7 Nxb7 26.Qxa6 Qd7 27.Bb4 Bf8 28.Qb6 Bf7 29.Nc7 Nd8 30.Nd5 Kg7
31.Nb3 Ne6 32.Qa6 Bh5 33.e3 f4 34.Qb5 Qf7 35.Nd2 Qf5 36.Qd7+ Kh8 37.e4 Qg4
38.f3 Qh3 39.Nf6 Bg7 40.Nxh5 fxg3 41.hxg3  1-0

[Event "39th Olympiad Women"]
[Site "Khanty-Mansiysk RUS"]
[Date "2010.10.01"]
[Round "10"]
[White "Hoang Thi Nhu Y"]
[Black "Salazar,Au"]
[Result "1-0"]
[WhiteElo "2214"]
[BlackElo "2169"]

1.c4 Nf6 2.g3 g6 3.Bg2 Bg7 4.Nf3 O-O 5.O-O d6 6.Nc3 Nc6 7.d3 e5 8.Rb1 a5
9.a3 h6 10.Ne1 Be6 11.Nc2 d5 12.cxd5 Nxd5 13.Ne3 Nce7 14.Bd2 Kh7 15.Qc2 c6
16.Rfc1 Nxe3 17.Bxe3 Nf5 18.Bc5 Nd4 19.Bxd4 exd4 20.Ne4 Bd5 21.Nc5 Bxg2 22.Kxg2 Qe7
23.Re1 b6 24.Na4 Qc7 25.Kg1 f5 26.b4 axb4 27.Rxb4 f4 28.Nxb6 Rxa3 29.Nc4 Raa8
30.Nd2 Rae8 31.Ne4 fxg3 32.hxg3 Rf5 33.Reb1 Ref8 34.Rb7 Qe5 35.Qxc6 R5f7
36.R7b5 Qe7 37.Rb6 g5 38.Kg2 Kh8 39.Rh1 g4 40.Qe6 Qc7 41.Rxh6+ Bxh6 42.Qxh6+ Kg8
43.Nf6+ Rxf6 44.Rxf6 Rxf6 45.Qxf6 Qb7+ 46.f3 gxf3+ 47.exf3 Qb2+ 48.Kh3 Qf2
49.Qe6+ Kg7 50.Kg4 Qg1 51.Kf5 Qf2 52.Qe4 Qe3 53.g4 Kh6 54.f4 Kg7 55.g5 Qh3+
56.Ke5 Qe3 57.Kd5 Kf7 58.g6+ Kf8 59.Qf5+  1-0

[Event "FSIMA October"]
[Site "Budapest HUN"]
[Date "2010.10.04"]
[Round "3"]
[White "Stigar,P"]
[Black "Brustkern,J"]
[Result "1/2-1/2"]
[WhiteElo "2292"]
[BlackElo "2299"]

1.c4 Nf6 2.Nf3 g6 3.g3 Bg7 4.Bg2 O-O 5.O-O d6 6.d4 Nbd7 7.Nc3 e5 8.e4 exd4
9.Nxd4 Re8 10.h3 a6 11.Be3 Rb8 12.b3 Ne5 13.f4 Nc6 14.Qd2 Bd7 15.Rae1  1/2-1/2

[Event "Tatry Open"]
[Site "Tatranske Zruby CZE"]
[Date "2010.10.08"]
[Round "8"]
[White "Dvorak,Li"]
[Black "Mesaros,J"]
[Result "1-0"]
[WhiteElo "2091"]
[BlackElo "1887"]

1.Nf3 Nf6 2.c4 g6 3.g3 Bg7 4.Bg2 O-O 5.O-O Nc6 6.Nc3 d6 7.d3 e5 8.Rb1 Bg4
9.b4 Rb8 10.b5 Bxf3 11.Bxf3 Nd4 12.Bg2 c5 13.bxc6 bxc6 14.Rxb8 Qxb8 15.e3 Ne6
16.Bxc6 Qb4 17.Qd2 Rc8 18.Bg2 Nc5 19.Rd1 Rb8 20.Nb5 Qa4 21.Nxd6 Bf8 22.Nb5 e4
23.Nc3 Qe8 24.d4 Na4 25.c5 Nxc3 26.Qxc3 Qa4 27.Rd2 Rb1 28.Qc2 Qb5 29.Bf1 Qb4
30.a3  1-0

[Event "Continental Class Ch"]
[Site "Arlington USA"]
[Date "2010.10.09"]
[Round "5"]
[White "Perelshteyn,E"]
[Black "Shabalov,A"]
[Result "1/2-1/2"]
[WhiteElo "2528"]
[BlackElo "2589"]

1.Nf3 Nf6 2.g3 g6 3.Bg2 Bg7 4.c4 O-O 5.O-O d6 6.Nc3 Nc6 7.d3 a6 8.Rb1 Rb8
9.b4 d5 10.b5 axb5 11.cxb5 Na5 12.b6 cxb6 13.Be3 Nc6 14.Bxb6 Qe8 15.Nb5 Bg4
16.h3 Bxf3 17.Bxf3 Qd7 18.Bg2 Ra8 19.Qb3 Rfc8 20.Rfc1 e6 21.e4 Ra6 22.Bc5 Na5
23.Qb4 Nc6 24.Qb3 Na5 25.Qb4 Nc6  1/2-1/2

[Event "4NCL Team Rapid"]
[Site "Newport Pagnell ENG"]
[Date "2010.10.09"]
[Round "4"]
[White "Cox,JohnJ"]
[Black "Zhou,Y"]
[Result "0-1"]
[WhiteElo "2398"]
[BlackElo "2320"]

1.c4 Nf6 2.g3 g6 3.Bg2 Bg7 4.Nf3 O-O 5.O-O d6 6.Nc3 Nbd7 7.d3 e5 8.Bd2 c6
9.Rc1 a6 10.b4 Re8 11.a4 h6 12.Qc2 Qe7 13.a5 d5 14.cxd5 Nxd5 15.Nxd5 cxd5
16.e4 dxe4 17.dxe4 Nf8 18.Qc7 Bg4 19.Qxe7 Rxe7 20.Be3 Ne6 21.h3 Bxf3 22.Bxf3 Nd4
23.Bxd4 exd4 24.Rfd1 Rb8 25.Bg2 b6 26.Rc6 Reb7 27.Bf1 bxa5 28.bxa5 Rb1 29.Rcc1 R1b2
30.Bxa6 Ra2 31.Ra1 Rxa1 32.Rxa1 d3 33.Rd1 Bc3 34.Rxd3 Bxa5 35.Bc4 Rc8 36.Bd5 Rc3
37.Rd1 Bb6 38.Rb1 Bd4 39.Rb8+ Kg7 40.Rb7 Rxg3+ 41.Kh2 Rf3 42.Rb4 Bxf2 43.Rb7 Bd4
44.Kg2 Rf4 45.Kg3 g5 46.Re7 h5 47.Kg2 Rf2+ 48.Kh1 g4 49.hxg4 hxg4 50.Rd7 g3
51.e5 Rh2+  0-1